MARC

LEADER 00000nam0a2200000 4500
001 169516
005 20231101222829.0
035 |a (RuTPU)RU\TPU\book\183876 
090 |a 169516 
100 |a 20091113d1969 k y0rusy50 ca 
101 0 |a rus 
102 |a RU 
105 |a a z 001zy 
200 1 |a Новые методы бурения  |e обзор зарубежной литературы  |f Всесоюзный научно-исследовательский институт организации, управления и экономики нефтегазовой промышленности ; под ред. В. А. Сежаль 
210 |a Москва  |c ВНИИОЭНГ  |d 1969 
215 |a 63 с.  |c ил. 
225 1 |a Бурение 
320 |a Библиогр.: с. 56-62. 
610 1 |a бурение 
610 1 |a методы 
610 1 |a зарубежный опыт 
610 1 |a классификация 
610 1 |a буровые снаряды 
610 1 |a применение 
610 1 |a современное состояние 
675 |a 622.24  |v 3 
702 1 |a Сежаль  |b В. А.  |4 340 
712 0 2 |a Всесоюзный научно-исследовательский институт организации, управления и экономики нефтегазовой промышленности  |2 stltpush  |3 (RuTPU)RU\TPU\col\7962  |9 24439 
801 1 |a RU  |b 63413507  |c 20091113 
801 2 |a RU  |b 63413507  |c 20100204  |g RCR 
942 |c BK